[Event "48th NED-ch"]
[Site "Eindhoven NED"]
[Date "1992.03.17"]
[Round "1"]
[White "Cifuentes Parada, Roberto"]
[Black "Piket, Jeroen"]
[Result "1/2-1/2"]
[WhiteElo "2540"]
[BlackElo "2615"]
[EventDate "1992.03.17"]
[PlyCount "33"]

1.c4 Nf6 2.Nc3 e6 3.e4 c5 4.Nf3 Nc6 5.Be2 b6 6.O-O Bb7 7.d4 cxd4 8.Nxd4 
Nxd4 9.Qxd4 Bc5 10.Qd3 Qc7 11.Be3 O-O 12.Rfd1 Rfd8 13.Rac1 Rac8 14.a3 Qe5 
15.Bxc5 bxc5 16.Bf3 Ba6 17.b3 1/2-1/2

[Event "48th NED-ch"]
[Site "Eindhoven NED"]
[Date "1992.03.17"]
[Round "1"]
[White "Klarenbeek, Hans"]
[Black "Kuijf, Marinus"]
[Result "1/2-1/2"]
[WhiteElo "2415"]
[BlackElo "2440"]
[EventDate "1992.03.17"]
[PlyCount "63"]

1.d4 d5 2.c4 e6 3.Nc3 c6 4.Nf3 dxc4 5.a4 Bb4 6.e3 b5 7.Bd2 Bb7 8.axb5 Bxc3
9.Bxc3 cxb5 10.b3 a5 11.bxc4 b4 12.Bb2 Nf6 13.Bd3 Nbd7 14.Qc2 O-O 15.O-O 
Qc7 16.c5 h6 17.e4 e5 18.Rfc1 Rfc8 19.dxe5 Nh7 20.Bd4 Nhf8 21.Bc4 Ne6 22.
Bxe6 fxe6 23.Qb3 Ra6 24.Qc4 Rc6 25.Qb5 Nxc5 26.Rxc5 Rxc5 27.Bxc5 Qxc5 28.
Qxb7 Qc1+ 29.Ne1 Qxa1 30.Qxc8+ Kh7 31.Kf1 b3 32.Qxe6 1/2-1/2

[Event "48th NED-ch"]
[Site "Eindhoven NED"]
[Date "1992.03.17"]
[Round "1"]
[White "Knoppert, Erik"]
[Black "Van Mil, Johannes"]
[Result "1/2-1/2"]
[WhiteElo "2345"]
[BlackElo "2445"]
[EventDate "1992.03.17"]
[PlyCount "52"]

1.d4 Nf6 2.c4 g6 3.Nc3 d5 4.cxd5 Nxd5 5.e4 Nxc3 6.bxc3 Bg7 7.Bc4 c5 8.Ne2 
Nc6 9.Be3 O-O 10.Rc1 Bd7 11.h4 cxd4 12.cxd4 Rc8 13.h5 b5 14.Bd3 Nb4 15.Bb1
Qa5 16.Qd2 e6 17.Kf1 Rxc1+ 18.Nxc1 Nc6 19.Qd1 e5 20.hxg6 hxg6 21.Nb3 Qc3 
22.dxe5 Be6 23.Qd2 Bxe5 24.f4 Rd8 25.Qxc3 Bxc3 26.Kf2 Nb4 1/2-1/2

[Event "48th NED-ch"]
[Site "Eindhoven NED"]
[Date "1992.03.17"]
[Round "1"]
[White "Nijboer, Friso"]
[Black "Van der Wiel, John"]
[Result "1/2-1/2"]
[WhiteElo "2455"]
[BlackElo "2540"]
[EventDate "1992.03.17"]
[PlyCount "82"]

1.e4 c5 2.Nf3 d6 3.d4 cxd4 4.Nxd4 Nf6 5.Nc3 a6 6.Bg5 e6 7.f4 Qb6 8.Nb3 Be7
9.Be2 Nbd7 10.Qd3 Qc7 11.Bf3 h6 12.Bxf6 Bxf6 13.O-O-O Bxc3 14.Qxc3 Qxc3 
15.bxc3 e5 16.g3 Ke7 17.Na5 exf4 18.gxf4 g5 19.e5 dxe5 20.fxe5 Nxe5 21.
Rhe1 f6 22.Nc4 Rd8 23.Rxd8 Kxd8 24.Nxe5 fxe5 25.Rxe5 Ra7 26.Rd5+ Ke7 27.
Rc5 Bd7 28.Rc7 Kd6 29.Rxb7 Rxb7 30.Bxb7 a5 31.Kd2 h5 32.Ba6 Kc5 33.Be2 g4 
34.Ke3 h4 35.Bf1 Be6 36.a3 Bc4 37.Bd3 Bd5 38.Kf2 Be6 39.Be2 Kd5 40.Ke3 Ke5
41.c4 g3 1/2-1/2

[Event "48th NED-ch"]
[Site "Eindhoven NED"]
[Date "1992.03.17"]
[Round "1"]
[White "Sosonko, Gennadi"]
[Black "Bosboom, Manuel"]
[Result "1/2-1/2"]
[WhiteElo "2530"]
[BlackElo "2455"]
[EventDate "1992.03.17"]
[PlyCount "30"]

1.d4 Nf6 2.c4 g6 3.Nc3 Bg7 4.e4 d6 5.Nf3 O-O 6.Be2 e5 7.O-O Nbd7 8.Re1 c6 
9.Bf1 exd4 10.Nxd4 Re8 11.Bg5 h6 12.Bh4 Nc5 13.Qc2 g5 14.Bg3 Nh5 15.Rad1 
Nxg3 1/2-1/2

[Event "48th NED-ch"]
[Site "Eindhoven NED"]
[Date "1992.03.18"]
[Round "2"]
[White "Bosboom, Manuel"]
[Black "Knoppert, Erik"]
[Result "1-0"]
[WhiteElo "2455"]
[BlackElo "2345"]
[EventDate "1992.03.17"]
[PlyCount "99"]

1.c4 e5 2.h4 Nc6 3.e3 Nf6 4.a3 d5 5.cxd5 Nxd5 6.Qc2 Be7 7.Nf3 Qd6 8.b4 f5 
9.d3 Bf6 10.Bb2 a5 11.b5 Na7 12.Nbd2 Qe7 13.e4 Nf4 14.a4 fxe4 15.dxe4 Bg4 
16.g3 Ng6 17.Be2 h5 18.Nc4 Nc8 19.Ba3 Qf7 20.Ne3 Bxf3 21.Bxf3 Be7 22.Nf5 
Bxa3 23.Rxa3 Nf8 24.Qc5 Nd7 25.Qxc7 g6 26.Qxb7 Rb8 27.Qxc8+ Rxc8 28.Nd6+ 
Ke7 29.Nxf7 Kxf7 30.O-O Nb6 31.Rd1 Rhd8 32.Kg2 Ke7 33.Rxd8 Rxd8 34.Be2 Rd4
35.Kf3 Rxa4 36.Rc3 Rd4 37.Rc5 a4 38.Rxe5+ Kd7 39.Rc5 a3 40.Rc2 Ra4 41.Ra2 
Kd6 42.Bd1 Ra8 43.Kf4 Kc5 44.Kg5 Kb4 45.Kxg6 Rd8 46.Ra1 Nc4 47.Kxh5 Rd2 
48.f4 a2 49.Bg4 Nd6 50.Be6 1-0

[Event "48th NED-ch"]
[Site "Eindhoven NED"]
[Date "1992.03.18"]
[Round "2"]
[White "Kuijf, Marinus"]
[Black "Cifuentes Parada, Roberto"]
[Result "1/2-1/2"]
[WhiteElo "2440"]
[BlackElo "2540"]
[EventDate "1992.03.17"]
[PlyCount "65"]

1.d4 Nf6 2.c3 g6 3.Bg5 Bg7 4.Nd2 O-O 5.e4 d6 6.Bc4 e5 7.Ngf3 h6 8.Bh4 Nc6 
9.dxe5 dxe5 10.O-O Qe8 11.Re1 Be6 12.Bb5 a6 13.Bf1 Nh5 14.Nc4 Nf4 15.Ne3 
f6 16.Bg3 Rd8 17.Qc2 Qf7 18.b4 Kh8 19.a4 Nh5 20.b5 Nxg3 21.hxg3 Nb8 22.g4 
axb5 23.axb5 Nd7 24.Nd2 Nc5 25.Bc4 Qd7 26.Bxe6 Qxd2 27.Bd5 Qxc2 28.Nxc2 f5
29.gxf5 gxf5 30.f3 fxe4 31.fxe4 Bf6 32.Rf1 Bg5 33.Rxf8+ 1/2-1/2

[Event "48th NED-ch"]
[Site "Eindhoven NED"]
[Date "1992.03.18"]
[Round "2"]
[White "Nijboer, Friso"]
[Black "Brenninkmeijer, Joris"]
[Result "0-1"]
[WhiteElo "2455"]
[BlackElo "2500"]
[EventDate "1992.03.17"]
[PlyCount "84"]

1.e4 e6 2.d4 d5 3.Nc3 Bb4 4.e5 Ne7 5.a3 Bxc3+ 6.bxc3 c5 7.Nf3 b6 8.Bb5+ 
Bd7 9.Bd3 Ba4 10.Ng5 h6 11.Nh3 Qc7 12.O-O Nd7 13.Be3 Qc6 14.Rb1 a6 15.Rb2 
Bb5 16.dxc5 bxc5 17.Qb1 O-O 18.Bxb5 axb5 19.Rxb5 Rxa3 20.c4 d4 21.Bc1 Rxh3
22.gxh3 Nxe5 23.f4 Nf3+ 24.Kf2 Nxh2 25.Rg1 Qf3+ 26.Ke1 Nf5 27.Rb8 Rxb8 28.
Qxb8+ Kh7 29.Qb3 Qxb3 30.cxb3 Nf3+ 31.Kf2 Nxg1 32.Kxg1 d3 33.Kf2 Nd4 34.b4
cxb4 35.Ke3 Nb3 36.Bd2 Nxd2 37.Kxd2 Kg8 38.Kxd3 Kf8 39.h4 Ke7 40.c5 Kd7 
41.Kc4 Kc6 42.Kxb4 g6 0-1

[Event "48th NED-ch"]
[Site "Eindhoven NED"]
[Date "1992.03.18"]
[Round "2"]
[White "Piket, Jeroen"]
[Black "Sosonko, Gennadi"]
[Result "1/2-1/2"]
[WhiteElo "2615"]
[BlackElo "2530"]
[EventDate "1992.03.17"]
[PlyCount "55"]

1.e4 c5 2.Nf3 d6 3.d4 cxd4 4.Nxd4 Nf6 5.Nc3 g6 6.Be3 Bg7 7.f3 Nc6 8.Bc4 
O-O 9.Qd2 Bd7 10.h4 Rc8 11.Bb3 Ne5 12.O-O-O Nc4 13.Bxc4 Rxc4 14.g4 Qc7 15.
h5 Rc8 16.hxg6 fxg6 17.Kb1 b5 18.Nd5 Nxd5 19.exd5 Be5 20.Qd3 Rf8 21.Rh6 
Rf7 22.Ne6 Bxe6 23.dxe6 Rf6 24.Rdh1 Rb4 25.Bc1 Qc4 26.Rxh7 Rxe6 27.f4 Bg7 
28.b3 1/2-1/2

[Event "48th NED-ch"]
[Site "Eindhoven NED"]
[Date "1992.03.18"]
[Round "2"]
[White "Van der Sterren, Paul"]
[Black "Klarenbeek, Hans"]
[Result "1/2-1/2"]
[WhiteElo "2535"]
[BlackElo "2415"]
[EventDate "1992.03.17"]
[PlyCount "96"]

1.d4 d5 2.c4 c6 3.Nc3 Nf6 4.e3 g6 5.Nf3 Bg7 6.Bd3 O-O 7.O-O Bg4 8.h3 Bxf3 
9.Qxf3 e6 10.Rd1 Nbd7 11.b3 Qe7 12.Bb2 Rfe8 13.Bf1 h5 14.Rac1 Nb6 15.Rc2 
Nc8 16.e4 Nxe4 17.Nxe4 dxe4 18.Qxe4 Nd6 19.Qe1 Nf5 20.Qa5 b6 21.Qe1 Rad8 
22.Rcd2 h4 23.Qe2 Rd7 24.Qf3 Red8 25.Qxc6 Nxd4 26.Bxd4 Bxd4 27.Kh1 Rd6 28.
Qf3 e5 29.b4 Rf6 30.Qe4 Rf4 31.Qe1 Kg7 32.Rd3 Bxf2 33.Qd2 Bd4 34.Rf3 Rxf3 
35.gxf3 Rd6 36.a3 Rf6 37.Bg2 Rf4 38.Re1 Qf6 39.Qc2 Rf5 40.Qe4 Rg5 41.Qxh4 
Qf5 42.Re4 Rh5 43.Qg4 Qxg4 44.fxg4 Rh8 45.g5 Rh5 46.Rg4 Be3 47.Re4 Bd4 48.
Rg4 Be3 1/2-1/2

[Event "48th NED-ch"]
[Site "Eindhoven NED"]
[Date "1992.03.18"]
[Round "2"]
[White "Van der Wiel, John"]
[Black "Van Mil, Johannes"]
[Result "1-0"]
[WhiteElo "2540"]
[BlackElo "2445"]
[EventDate "1992.03.17"]
[PlyCount "107"]

1.e4 c5 2.Nf3 e6 3.d4 cxd4 4.Nxd4 Nc6 5.Nc3 a6 6.Nxc6 bxc6 7.e5 Qc7 8.f4 
Bb7 9.Bd3 f5 10.Qe2 c5 11.Nd1 Ne7 12.Ne3 Nc6 13.c3 Be7 14.Rg1 h5 15.Nc4 
Na5 16.Nd6+ Bxd6 17.exd6 Qxd6 18.Bxf5 O-O-O 19.Bd3 c4 20.Bc2 g5 21.fxg5 
Qxh2 22.Be3 Qg3+ 23.Qf2 Qxf2+ 24.Bxf2 Nc6 25.O-O-O Rhg8 26.Rh1 Ne5 27.Rxh5
Bxg2 28.Rg1 Bf3 29.Rh3 Be2 30.g6 Nd3+ 31.Bxd3 Bxd3 32.g7 d6 33.Bh4 Rde8 
34.Rf3 Bf5 35.Rf4 d5 36.Bf6 Kd7 37.Rh1 Kd6 38.Rh8 Be4 39.Rfh4 Bg6 40.R8h6 
Bf5 41.R4h5 Kd7 42.Kd2 Rc8 43.Ke3 Ke8 44.Be5 Ke7 45.Kf4 Bb1 46.Rh1 Be4 47.
R1h2 Bb1 48.Bf6+ Kf7 49.Bd4 Be4 50.Rh8 Rce8 51.R2h6 Ke7 52.Rxg8 Rxg8 53.
Bc5+ Kf7 54.Bf8 1-0

[Event "48th NED-ch"]
[Site "Eindhoven NED"]
[Date "1992.03.19"]
[Round "3"]
[White "Brenninkmeijer, Joris"]
[Black "Van der Wiel, John"]
[Result "0-1"]
[WhiteElo "2500"]
[BlackElo "2540"]
[EventDate "1992.03.17"]
[PlyCount "104"]

1.d4 Nf6 2.c4 e6 3.Nf3 b6 4.g3 Ba6 5.b3 Bb4+ 6.Bd2 Be7 7.Bg2 c6 8.Bc3 d5 
9.Nbd2 Nbd7 10.O-O O-O 11.Re1 c5 12.e4 dxc4 13.Nxc4 Bb7 14.Qc2 Rc8 15.a4 
a6 16.dxc5 Bxc5 17.Rad1 Qe7 18.Qb1 b5 19.axb5 axb5 20.Bxf6 Nxf6 21.Nce5 
Rfd8 22.Rxd8+ Rxd8 23.Bf1 Qd6 24.Qc2 Rc8 25.Qb1 Qb6 26.Re2 Bxf2+ 27.Rxf2 
Nxe4 28.Qb2 Rc3 29.b4 Qxf2+ 30.Qxf2 Nxf2 31.Kxf2 Bxf3 32.Nxf3 Rb3 33.Bxb5 
Rxb4 34.Bd3 g6 35.h3 f5 36.Ne5 Kg7 37.h4 Kf6 38.Nd7+ Ke7 39.Ne5 Kf6 40.
Nd7+ Ke7 41.Ne5 Kd6 42.Nf7+ Kd5 43.Ng5 Rb7 44.g4 Rb2+ 45.Ke3 fxg4 46.Nxh7 
g3 47.Ng5 g2 48.Nf3 Rb3 49.Ng1 e5 50.Ke2 e4 51.Ba6 Rb6 52.Bc8 Rf6 0-1

[Event "48th NED-ch"]
[Site "Eindhoven NED"]
[Date "1992.03.19"]
[Round "3"]
[White "Klarenbeek, Hans"]
[Black "Nijboer, Friso"]
[Result "1/2-1/2"]
[WhiteElo "2415"]
[BlackElo "2455"]
[EventDate "1992.03.17"]
[PlyCount "81"]

1.d4 Nf6 2.c4 g6 3.Nc3 Bg7 4.e4 d6 5.Nf3 O-O 6.Be2 e5 7.Be3 Ng4 8.Bg5 f6 
9.Bh4 Nc6 10.d5 Ne7 11.Nd2 Nh6 12.f3 c5 13.Rb1 g5 14.Bf2 f5 15.g3 Ng6 16.
b4 b6 17.bxc5 bxc5 18.Qa4 a5 19.Qc6 Ra6 20.Qb5 g4 21.fxg4 Nxg4 22.Bxg4 
fxg4 23.O-O Qg5 24.Rb2 Nf4 25.gxf4 exf4 26.Nd1 g3 27.hxg3 fxg3 28.Be3 Qh5 
29.Rxf8+ Bxf8 30.Nf1 Ra7 31.Rg2 Rg7 32.Qb3 Bh3 33.Qc2 Bxg2 34.Kxg2 Rf7 35.
Nxg3 Qf3+ 36.Kh2 Rg7 37.Bf2 h5 38.Ne3 h4 39.Ngf5 Qf4+ 40.Kh3 Qf3+ 41.Kh2 
1/2-1/2

[Event "48th NED-ch"]
[Site "Eindhoven NED"]
[Date "1992.03.19"]
[Round "3"]
[White "Knoppert, Erik"]
[Black "Piket, Jeroen"]
[Result "0-1"]
[WhiteElo "2345"]
[BlackElo "2615"]
[EventDate "1992.03.17"]
[PlyCount "89"]

1.e4 e5 2.Nf3 Nc6 3.Bb5 a6 4.Ba4 Nf6 5.O-O Nxe4 6.d4 Be7 7.Re1 f5 8.dxe5 
O-O 9.Nbd2 Nc5 10.Bxc6 dxc6 11.Nb3 Ne6 12.Nbd4 c5 13.Nxe6 Bxe6 14.Qxd8 
Raxd8 15.Bg5 Kf7 16.b3 h6 17.Bxe7 Kxe7 18.Re2 b6 19.Nd2 Rd4 20.Rae1 Rfd8 
21.Nf1 c4 22.f3 b5 23.Kf2 c5 24.g3 c3 25.Re3 b4 26.a3 Rd1 27.axb4 cxb4 28.
Rxd1 Rxd1 29.Re1 Rxe1 30.Kxe1 Kd7 31.f4 Kc6 32.Ne3 Kc5 33.Kd1 a5 34.Ng2 
Kd4 35.Nh4 Ke4 36.Ng6 Bf7 37.Ne7 g5 38.Nc6 gxf4 39.gxf4 Kxf4 40.Nxa5 Bd5 
41.e6 Bxe6 42.Nc6 Ke3 43.Nxb4 f4 44.Ke1 f3 45.Nd3 0-1

[Event "48th NED-ch"]
[Site "Eindhoven NED"]
[Date "1992.03.19"]
[Round "3"]
[White "Sosonko, Gennadi"]
[Black "Kuijf, Marinus"]
[Result "1/2-1/2"]
[WhiteElo "2530"]
[BlackElo "2440"]
[EventDate "1992.03.17"]
[PlyCount "29"]

1.d4 d5 2.Nf3 c6 3.c4 Nf6 4.Nc3 e6 5.g3 Be7 6.Bg2 O-O 7.O-O b6 8.Ne5 Ba6 
9.cxd5 cxd5 10.Bf4 Bb7 11.Rc1 Nbd7 12.Nb5 Nxe5 13.Bxe5 a6 14.Nc3 b5 15.Qb3
1/2-1/2

[Event "48th NED-ch"]
[Site "Eindhoven NED"]
[Date "1992.03.19"]
[Round "3"]
[White "Van Mil, Johannes"]
[Black "Bosboom, Manuel"]
[Result "1-0"]
[WhiteElo "2445"]
[BlackElo "2455"]
[EventDate "1992.03.17"]
[PlyCount "107"]

1.e4 c5 2.c3 d5 3.exd5 Qxd5 4.d4 Nf6 5.Be3 Bg4 6.f3 cxd4 7.cxd4 Bd7 8.Nc3 
Qe6 9.Kf2 g6 10.d5 Qf5 11.h3 Bg7 12.Bc4 O-O 13.Nge2 Be8 14.Rc1 Qc8 15.Bb3 
Qd8 16.Qd4 Na6 17.Rhd1 Bd7 18.Qh4 Nc7 19.Qb4 Bc8 20.a4 Nfe8 21.a5 Nd6 22.
Kg1 Na6 23.Qa3 Re8 24.Ba2 Bd7 25.b4 Nf5 26.Bf2 Bh6 27.f4 Nc7 28.Ne4 Nb5 
29.Qf3 Nfd6 30.Nc5 Bf5 31.g4 Bc8 32.Bb1 b6 33.Nb3 Bb7 34.axb6 axb6 35.Nbd4
Nxd4 36.Nxd4 Ra4 37.Be1 e5 38.Nc6 Qf6 39.Bc3 Bxf4 40.Rf1 Qg5 41.Bb2 Raa8 
42.Rce1 b5 43.Bc1 Bxc1 44.Rxc1 h5 45.Rce1 hxg4 46.Qf6 Qxf6 47.Rxf6 Nc4 48.
hxg4 Ra1 49.Kf2 Rxb1 50.Rxb1 Nd2 51.Re1 Kg7 52.Rd6 Nc4 53.Rd7 e4 54.Rxb7 
1-0

[Event "48th NED-ch"]
[Site "Eindhoven NED"]
[Date "1992.03.20"]
[Round "4"]
[White "Brenninkmeijer, Joris"]
[Black "Klarenbeek, Hans"]
[Result "1-0"]
[WhiteElo "2500"]
[BlackElo "2415"]
[EventDate "1992.03.17"]
[PlyCount "67"]

1.d4 Nf6 2.c4 e6 3.Nf3 Bb4+ 4.Bd2 c5 5.Bxb4 cxb4 6.g3 O-O 7.Bg2 d6 8.O-O 
Re8 9.Qb3 Nc6 10.Nbd2 Qb6 11.e3 Na5 12.Qd3 Bd7 13.Rfc1 e5 14.c5 Qd8 15.e4 
exd4 16.cxd6 Bg4 17.Qxd4 Nc6 18.Rxc6 bxc6 19.e5 Bxf3 20.Bxf3 Nd7 21.Nc4 
Rc8 22.Re1 a5 23.Bg4 Rb8 24.f4 Rb5 25.Bf3 Rc5 26.b3 a4 27.h4 Qb8 28.h5 Qa7
29.Bxc6 axb3 30.axb3 Ra5 31.Qxa7 Rxa7 32.f5 Rc8 33.Bxd7 Rxd7 34.Nb6 1-0

[Event "48th NED-ch"]
[Site "Eindhoven NED"]
[Date "1992.03.20"]
[Round "4"]
[White "Kuijf, Marinus"]
[Black "Knoppert, Erik"]
[Result "1-0"]
[WhiteElo "2440"]
[BlackElo "2345"]
[EventDate "1992.03.17"]
[PlyCount "33"]

1.d4 h6 2.e4 a6 3.Bd3 c5 4.dxc5 e6 5.Be3 Qc7 6.Nf3 Bxc5 7.Bxc5 Qxc5 8.O-O 
b5 9.a4 Bb7 10.Nbd2 Nc6 11.axb5 axb5 12.Rxa8+ Bxa8 13.Qa1 Bb7 14.b4 Qf8 
15.Bxb5 f6 16.Bxc6 Bxc6 17.b5 1-0

[Event "48th NED-ch"]
[Site "Eindhoven NED"]
[Date "1992.03.20"]
[Round "4"]
[White "Nijboer, Friso"]
[Black "Cifuentes Parada, Roberto"]
[Result "1-0"]
[WhiteElo "2455"]
[BlackElo "2540"]
[EventDate "1992.03.17"]
[PlyCount "101"]

1.e4 e5 2.Nf3 Nc6 3.Bb5 Nf6 4.O-O Nxe4 5.d4 Nd6 6.Bxc6 dxc6 7.dxe5 Nf5 8.
Qxd8+ Kxd8 9.Nc3 Ke8 10.b3 h5 11.Ne2 Be7 12.Bg5 h4 13.h3 Be6 14.c4 Rd8 15.
Rfd1 Rxd1+ 16.Rxd1 Bxg5 17.Nxg5 Rh5 18.Nf3 Ke7 19.Nf4 Rh8 20.Ng5 Re8 21.
Ngxe6 fxe6 22.Kf1 c5 23.Ke2 a5 24.Kf3 a4 25.Kg4 axb3 26.axb3 Ra8 27.Ng6+ 
Ke8 28.Nxh4 Nd4 29.Rb1 Ra2 30.f4 Rc2 31.Kh5 Kf7 32.Ra1 Rf2 33.Kg5 Nf5 34.
Nxf5 Rxg2+ 35.Kh4 exf5 36.Ra7 g5+ 37.fxg5 f4 38.Rxb7 f3 39.Rxc7+ Ke6 40.
Rc6+ Kxe5 41.Rf6 Ke4 42.Kh5 f2 43.h4 Ke3 44.g6 Rg3 45.Rxf2 Kxf2 46.Kh6 Ke3
47.g7 Kd4 48.h5 Kc3 49.Kh7 Kxb3 50.g8=Q Rxg8 51.Kxg8 1-0

[Event "48th NED-ch"]
[Site "Eindhoven NED"]
[Date "1992.03.20"]
[Round "4"]
[White "Piket, Jeroen"]
[Black "Van Mil, Johannes"]
[Result "1-0"]
[WhiteElo "2615"]
[BlackElo "2445"]
[EventDate "1992.03.17"]
[PlyCount "87"]

1.Nf3 f5 2.e4 fxe4 3.Ng5 d5 4.d3 Qd6 5.Nc3 h6 6.Nb5 Qc6 7.dxe4 hxg5 8.exd5
Qd7 9.Bxg5 a6 10.Nc3 e5 11.Bd3 Be7 12.Qf3 Nf6 13.Bg6+ Kd8 14.h3 Ne8 15.
Bxe7+ Qxe7 16.Bxe8 Kxe8 17.O-O-O Qg5+ 18.Kb1 Bf5 19.g4 Bg6 20.d6 c6 21.h4 
Qf6 22.Qe3 Nd7 23.h5 Bf7 24.Rhe1 Be6 25.Ne4 Qh6 26.g5 Qxh5 27.Nc5 Qh3 28.
f3 Kf8 29.b3 Re8 30.Nxb7 Qf5 31.Rd2 Rh3 32.Rf2 Qf4 33.Qc3 Qd4 34.Qxd4 exd4
35.Rfe2 Bf7 36.Rxe8+ Bxe8 37.Nd8 Nc5 38.b4 Na4 39.Ne6+ Kg8 40.Nf4 Nc3+ 41.
Kb2 Bd7 42.Nxh3 Bxh3 43.g6 Kf8 44.Rh1 1-0

[Event "48th NED-ch"]
[Site "Eindhoven NED"]
[Date "1992.03.20"]
[Round "4"]
[White "Van der Sterren, Paul"]
[Black "Sosonko, Gennadi"]
[Result "1/2-1/2"]
[WhiteElo "2535"]
[BlackElo "2530"]
[EventDate "1992.03.17"]
[PlyCount "115"]

1.d4 Nf6 2.c4 e6 3.Nf3 d5 4.Nc3 Bb4 5.Bg5 h6 6.Bxf6 Qxf6 7.e3 c5 8.cxd5 
exd5 9.Bb5+ Bd7 10.Bxd7+ Nxd7 11.O-O Bxc3 12.bxc3 Qc6 13.dxc5 Nxc5 14.Nd4 
Qd7 15.Qh5 O-O 16.c4 Ne4 17.Qxd5 Qxd5 18.cxd5 Nc3 19.d6 Rfd8 20.Rfc1 Ne4 
21.Rc7 Nxd6 22.g4 Rac8 23.Rac1 Rxc7 24.Rxc7 Kf8 25.h4 g6 26.h5 gxh5 27.
gxh5 Ke8 28.Kg2 Rd7 29.Rc5 Ne4 30.Rc8+ Ke7 31.Kf3 Nf6 32.Rc5 b6 33.Rc6 Rd5
34.Rc7+ Nd7 35.Ke4 Re5+ 36.Kf4 Rxh5 37.Nf5+ Kd8 38.Rxa7 Rh2 39.Kg3 Rh1 40.
Kg2 Rh5 41.e4 Rg5+ 42.Kf3 Rh5 43.Kg3 Rh1 44.f4 f6 45.Nd4 Re1 46.Kf3 h5 47.
Ne6+ Ke7 48.Ng7 Rf1+ 49.Ke3 Rh1 50.e5 fxe5 51.fxe5 Re1+ 52.Kd4 h4 53.e6 
Rd1+ 54.Kc4 h3 55.exd7 h2 56.Nf5+ Kd8 57.Ng3 Rg1 58.Ra8+ 1/2-1/2

[Event "48th NED-ch"]
[Site "Eindhoven NED"]
[Date "1992.03.20"]
[Round "4"]
[White "Van der Wiel, John"]
[Black "Bosboom, Manuel"]
[Result "1-0"]
[WhiteElo "2540"]
[BlackElo "2455"]
[EventDate "1992.03.17"]
[PlyCount "81"]

1.e4 c5 2.Nf3 e6 3.d4 cxd4 4.Nxd4 a6 5.c4 Nf6 6.Nc3 Qc7 7.Be2 d6 8.Be3 
Nbd7 9.O-O Be7 10.Rc1 O-O 11.f4 g6 12.f5 Nc5 13.Qc2 a5 14.g4 Rd8 15.Ndb5 
Qb8 16.fxg6 hxg6 17.e5 Nfd7 18.exd6 Bxd6 19.Nxd6 Qxd6 20.Rcd1 Qe7 21.Qd2 
Re8 22.Nb5 Ne4 23.Qc2 Ndc5 24.Nd6 Nxd6 25.Bxc5 Ra6 26.Qd2 Rd8 27.Ba3 Rd7 
28.Qe3 Rc6 29.c5 Ne8 30.Bb5 Rxd1 31.Rxd1 Rc7 32.Qd4 e5 33.Qd8 Qe6 34.Qxe8+
Qxe8 35.Bxe8 Bxg4 36.Rd8 Kg7 37.c6 bxc6 38.Bd6 Rb7 39.Bxe5+ f6 40.Bc3 c5 
41.Rd6 1-0

[Event "48th NED-ch"]
[Site "Eindhoven NED"]
[Date "1992.03.22"]
[Round "5"]
[White "Bosboom, Manuel"]
[Black "Piket, Jeroen"]
[Result "1/2-1/2"]
[WhiteElo "2455"]
[BlackElo "2615"]
[EventDate "1992.03.17"]
[PlyCount "108"]

1.c4 g6 2.g3 Bg7 3.Bg2 d6 4.Nf3 Nf6 5.O-O O-O 6.Nc3 e5 7.b4 e4 8.Ne1 a5 9.
b5 d5 10.Nc2 Re8 11.d3 exd3 12.exd3 Bg4 13.Qd2 c6 14.h3 Be6 15.Nd4 dxc4 
16.Nxe6 Rxe6 17.dxc4 Nbd7 18.bxc6 bxc6 19.Qc2 Ne5 20.Bg5 Qd4 21.Bxf6 Bxf6 
22.Ne4 Qxc4 23.Qxc4 Nxc4 24.Rac1 Ne5 25.Rfd1 Be7 26.f4 f5 27.Nc5 Bxc5+ 28.
Rxc5 Nf7 29.Rxc6 Rxc6 30.Bxc6 Ra7 31.Kf2 Kf8 32.g4 Rc7 33.Bd5 Rc2+ 34.Ke3 
fxg4 35.hxg4 Nh6 36.Bb3 Rc3+ 37.Kd4 Rc7 38.g5 Nf5+ 39.Ke5 Ke7 40.Rh1 Rc5+ 
41.Bd5 Kf8 42.Ke6 Kg7 43.Rb1 Rc7 44.Ke5 h5 45.gxh6+ Nxh6 46.Rb5 Ng4+ 47.
Kd6 Ra7 48.a4 Ne3 49.Bb7 Nd1 50.Kc7 Nc3 51.Rg5 Kf6 52.Kb6 Rxb7+ 53.Kxb7 
Nxa4 54.Kc6 Nc3 1/2-1/2

[Event "48th NED-ch"]
[Site "Eindhoven NED"]
[Date "1992.03.22"]
[Round "5"]
[White "Klarenbeek, Hans"]
[Black "Van der Wiel, John"]
[Result "1/2-1/2"]
[WhiteElo "2415"]
[BlackElo "2540"]
[EventDate "1992.03.17"]
[PlyCount "49"]

1.d4 Nf6 2.c4 e6 3.Nc3 Bb4 4.Qc2 O-O 5.a3 Bxc3+ 6.Qxc3 b6 7.Bg5 Bb7 8.f3 
h6 9.Bh4 d5 10.e3 Nbd7 11.cxd5 Nxd5 12.Bxd8 Nxc3 13.Bxc7 Nd5 14.Bd6 Nxe3 
15.Kf2 Nc2 16.Rd1 Rfc8 17.Bb5 Nf6 18.Ne2 Nd5 19.Rd3 a6 20.Ba4 a5 21.Nc3 
Rd8 22.Nxd5 Rxd6 23.Nc7 Rc8 24.Nb5 Rdd8 25.Rhd1 1/2-1/2

[Event "48th NED-ch"]
[Site "Eindhoven NED"]
[Date "1992.03.22"]
[Round "5"]
[White "Knoppert, Erik"]
[Black "Van der Sterren, Paul"]
[Result "1-0"]
[WhiteElo "2345"]
[BlackElo "2535"]
[EventDate "1992.03.17"]
[PlyCount "97"]

1.e4 e5 2.Nf3 Nc6 3.Bb5 a6 4.Bxc6 dxc6 5.O-O f6 6.d4 Bg4 7.dxe5 Qxd1 8.
Rxd1 fxe5 9.Nbd2 O-O-O 10.Re1 Bd6 11.h3 Bh5 12.g4 Bf7 13.Nf1 h5 14.Ng5 Bg6
15.Ng3 hxg4 16.hxg4 Nf6 17.f3 Nh7 18.Kg2 Bb4 19.c3 Be7 20.Ne6 Rdg8 21.Nf5 
Bxf5 22.exf5 g6 23.fxg6 Rxg6 24.Rxe5 Bd6 25.Re2 Nf6 26.Bf4 Nd5 27.Bxd6 
cxd6 28.Kg3 Rgh6 29.Ng5 Rg6 30.Ne4 Rf8 31.Rd2 Kc7 32.Rh1 Rf7 33.Rdh2 Ne3 
34.Rh7 Nf5+ 35.Kf2 Ng7 36.R1h6 Rxh6 37.Rxh6 Ne8 38.Re6 Rf8 39.Re7+ Kb6 40.
Ng5 Nf6 41.Nh7 Nxh7 42.Rxh7 c5 43.Kg3 d5 44.f4 d4 45.cxd4 cxd4 46.Rd7 Kc5 
47.g5 Kc4 48.Kg4 Kd3 49.f5 1-0

[Event "48th NED-ch"]
[Site "Eindhoven NED"]
[Date "1992.03.22"]
[Round "5"]
[White "Sosonko, Gennadi"]
[Black "Nijboer, Friso"]
[Result "1/2-1/2"]
[WhiteElo "2530"]
[BlackElo "2455"]
[EventDate "1992.03.17"]
[PlyCount "83"]

1.d4 Nf6 2.c4 g6 3.Nc3 Bg7 4.e4 d6 5.Nf3 O-O 6.Be2 e5 7.O-O Nc6 8.d5 Ne7 
9.b4 Nh5 10.c5 f5 11.Re1 Kh8 12.Nd2 Nf6 13.f3 f4 14.Nc4 g5 15.Ba3 Ne8 16.
b5 b6 17.cxd6 cxd6 18.Bb4 Rf6 19.a4 Bd7 20.a5 Rb8 21.axb6 axb6 22.Nb2 h5 
23.Nd3 Rg6 24.Nf2 Ng8 25.g4 fxg3 26.hxg3 g4 27.fxg4 Nh6 28.Kg2 Bxg4 29.
Bxg4 Nxg4 30.Nxg4 Rxg4 31.Rh1 Qg5 32.Qd3 Kg8 33.Nd1 h4 34.Rh3 Nf6 35.Nf2 
Nh5 36.Nxg4 Qxg4 37.Rf1 hxg3 38.Rxh5 Qxh5 39.Kxg3 Qg5+ 40.Kh2 Ra8 41.Qh3 
Ra4 42.Qc8+ 1/2-1/2

[Event "48th NED-ch"]
[Site "Eindhoven NED"]
[Date "1992.03.22"]
[Round "5"]
[White "Van Mil, Johannes"]
[Black "Kuijf, Marinus"]
[Result "1/2-1/2"]
[WhiteElo "2445"]
[BlackElo "2440"]
[EventDate "1992.03.17"]
[PlyCount "64"]

1.e4 e6 2.d4 d5 3.Nc3 Nf6 4.Bg5 Be7 5.e5 Nfd7 6.Bxe7 Qxe7 7.f4 a6 8.Qh5 c5
9.Nf3 Nc6 10.O-O-O cxd4 11.Nxd4 Nb6 12.Kb1 Bd7 13.h4 Nxd4 14.Rxd4 Qc5 15.
Qd1 Bb5 16.Be2 O-O 17.Rh3 f6 18.exf6 Rxf6 19.Rf3 Raf8 20.Nxb5 axb5 21.c3 
Nc4 22.Bd3 Kh8 23.Bc2 Qc7 24.f5 Ne5 25.Re3 Nc6 26.Rd2 exf5 27.Rxd5 b4 28.
h5 Qb6 29.Qd3 bxc3 30.Qxc3 Nb4 31.Rde5 f4 32.Re1 Nxc2 1/2-1/2

[Event "48th NED-ch"]
[Site "Eindhoven NED"]
[Date "1992.03.23"]
[Round "6"]
[White "Brenninkmeijer, Joris"]
[Black "Sosonko, Gennadi"]
[Result "0-1"]
[WhiteElo "2500"]
[BlackElo "2530"]
[EventDate "1992.03.17"]
[PlyCount "82"]

1.d4 d5 2.c4 e6 3.Nc3 Bb4 4.Nf3 Nf6 5.Bg5 c5 6.cxd5 exd5 7.e3 O-O 8.Be2 
Nbd7 9.O-O Qa5 10.Qc2 c4 11.Nd2 Re8 12.Bh4 b5 13.Rfb1 Bf8 14.Bf3 Bb7 15.e4
dxe4 16.Ndxe4 Nxe4 17.Nxe4 Qb6 18.a4 a6 19.Ng5 Nf6 20.b3 h6 21.Bxb7 Qxb7 
22.Nf3 cxb3 23.Qxb3 Nd5 24.Bg3 b4 25.h3 Rac8 26.Rc1 Rc3 27.Rxc3 Nxc3 28.
Kh2 Qd5 29.Qxd5 Nxd5 30.Rc1 Nc3 31.a5 Rd8 32.Rc2 Rd5 33.Bc7 f6 34.g3 Kf7 
35.Bb6 Rb5 36.Nd2 Ke6 37.Kg2 Kd5 38.Kf3 Na4 39.Rc8 Bd6 40.Nb3 Nxb6 41.axb6
Rxb6 0-1

[Event "48th NED-ch"]
[Site "Eindhoven NED"]
[Date "1992.03.23"]
[Round "6"]
[White "Klarenbeek, Hans"]
[Black "Cifuentes Parada, Roberto"]
[Result "1/2-1/2"]
[WhiteElo "2415"]
[BlackElo "2540"]
[EventDate "1992.03.17"]
[PlyCount "30"]

1.d4 d5 2.c4 dxc4 3.Nf3 Nf6 4.e3 e6 5.Bxc4 c5 6.O-O Nc6 7.Qe2 cxd4 8.exd4 
Be7 9.Rd1 O-O 10.Nc3 Nb4 11.Ne5 Nbd5 12.Rd3 Nxc3 13.bxc3 Nd5 14.Qh5 Nf6 
15.Qe2 Nd5 1/2-1/2

[Event "48th NED-ch"]
[Site "Eindhoven NED"]
[Date "1992.03.23"]
[Round "6"]
[White "Kuijf, Marinus"]
[Black "Bosboom, Manuel"]
[Result "0-1"]
[WhiteElo "2440"]
[BlackElo "2455"]
[EventDate "1992.03.17"]
[PlyCount "86"]

1.e4 c5 2.Ne2 Nc6 3.d4 cxd4 4.Nxd4 Nf6 5.Nc3 d6 6.Bg5 Qa5 7.Bxf6 gxf6 8.
Nb3 Qb6 9.Nd5 Qd8 10.Qh5 e6 11.Ne3 Bd7 12.Be2 Qc7 13.O-O Be7 14.Kh1 O-O-O 
15.f4 Rdg8 16.c4 Kb8 17.Rac1 Qb6 18.Rc3 Be8 19.Rfc1 a6 20.Bf1 Nb4 21.Ra1 
f5 22.exf5 Bf6 23.c5 dxc5 24.Nc4 Qc7 25.Ne5 b6 26.fxe6 fxe6 27.Qe2 Bxe5 
28.fxe5 Rg5 29.a3 Rxe5 30.Re3 Rxe3 31.Qxe3 Nc2 32.Qc3 Nxa1 33.Qxh8 Qf7 34.
Bxa6 Ka7 35.Nxa1 Kxa6 36.Kg1 Bc6 37.b4 Qf4 38.Qc3 Qe4 39.b5+ Kxb5 40.Qb2+ 
Ka6 41.h3 Ba4 42.Kh2 c4 43.Qb4 Qe5+ 0-1